| 000 -ლიდერი |
| ფიქსირებული სიგრძის საკონტროლო ველი |
01372nam a22002297a 4500 |
| 003 - საკონტროლო ნომრის იდენტიფიკატორი |
| საკონტროლო ველი |
Ge_BSU |
| 005 - ბოლო ოპერაციის თარიღი და დრო |
| საკონტროლო ველი |
20251217140526.0 |
| 008 - ფიქსირებული სიგრძის მონაცემთა ელემენტები - ზოგადი ინფორმაცია |
| ფიქსირებული სიგრძის საკონტროლო ველი |
251217s2020 ge ||||| |||| 00| 0 geo d |
| 020 ## - წიგნის საერთაშორისო სტანდარტული ნომერი |
| International Standard Book Number |
9789941973628 |
| 041 ## - ენის კოდი |
| Language code of text/sound track or separate title |
geo |
| 080 ## - უნივერსალური ათობითი კლასიფიკაციის ინდექსი |
| Universal Decimal Classification number |
373.3/.5(479.22)(09) ჭ-24 |
| 100 ## - მთავარი ჩანაწერი - პიროვნების სახელი |
| Personal name |
ჭანტურია, გიორგი |
| 9 (RLIN) |
26540 |
| 245 ## - ცნობა სათაურის შესახებ |
| Title |
სასკოლო განათლების ისტორია, 1990-2020 / |
| Statement of responsibility, etc |
გიორგი ჭანტურია, მერი ქადაგიძე, გიორგი მელიქაძე; საქართველოს პარლამენტის ეროვნული ბიბლიოთეკა. |
| 264 ## - წარმოების, გამოცემის, დისტრიბუციის და სხვა ცნობები |
| გამოცემის, წარმოების, დისტრიბუციის... ადგილი |
თბილისი, |
| გამოცემის, წარმოების, დისტრიბუციის... თარიღი |
2020. |
| 300 ## - ფიზიკური აღწერა |
| Extent |
164 გვ. : |
| Other physical details |
ილ. ; |
| Dimensions |
30 სმ. |
| 504 ## - BIBLIOGRAPHY, ETC. NOTE |
| Bibliography, etc |
ბიბლიოგრაფია ტექსტის შენიშვნებში. |
| 653 ## - INDEX TERM--UNCONTROLLED |
| Uncontrolled term |
სასკოლო განათლების ისტორია საქართველოში |
| 700 ## - ADDED ENTRY--PERSONAL NAME |
| Personal name |
ქადაგიძე, მერი |
| Relator term |
ავტორი |
| 9 (RLIN) |
26541 |
| 700 ## - ADDED ENTRY--PERSONAL NAME |
| Personal name |
მელიქაძე, გიორგი |
| Relator term |
ავტორი |
| 9 (RLIN) |
26542 |
| 710 ## - ADDED ENTRY--CORPORATE NAME |
| Corporate name or jurisdiction name as entry element |
საქართველოს პარლამენტის ეროვნული ბიბლიოთეკა. |
| 9 (RLIN) |
26543 |
| 942 ## - ADDED ENTRY ELEMENTS (KOHA) |
| Source of classification or shelving scheme |
|
| Koha item type |
წიგნი |